Опыт комплексных противоглистных мероприятий в ОТФ "Сталинский путь" Пролетарского района (Запись № 7452560)

Подробности
000 -МАРКЕР
контрольное поле 01401nam0a22002891 4500
001 - ИДЕНТИФИКАТОР ЗАПИСИ
контрольное поле rc\2795536
005 - ИДЕНТИФИКАТОР ВЕРСИИ
контрольное поле 20250529172633.0
035 ## - ДРУГИЕ СИСТЕМНЫЕ НОМЕРА
Идентификатор записи (NLR Aleph) 006921601
100 ## - ДАННЫЕ ОБЩЕЙ ОБРАБОТКИ
Данные общей обработки 20110915d1935 |||y0rusy50 ca
101 0# - ЯЗЫК РЕСУРСА
Язык текста, звукозаписи и т.д. русский
102 ## - СТРАНА ПУБЛИКАЦИИ ИЛИ ПРОИЗВОДСТВА
Страна публикации Российская Федерация
105 ## - ПОЛЕ КОДИРОВАННЫХ ДАННЫХ: ТЕКСТОВЫЕ МАТЕРИАЛЫ, МОНОГРАФИЧЕСКИЕ
Кодированные данные о монографическом текстовом документе a z |||||
200 1# - ЗАГЛАВИЕ И СВЕДЕНИЯ ОБ ОТВЕТСТВЕННОСТИ
Основное заглавие Опыт комплексных противоглистных мероприятий в ОТФ "Сталинский путь" Пролетарского района
Первые сведения об ответственности Проф. В. И. Пухов, Е. Е. Кривошта, П. А. Величкин, А. А. Лысенко
Последующие сведения об ответственности Азово-Черноморск. краев. зем. упр. Краев. науч.-иссл. вет.-опыт. станция
210 ## - ПУБЛИКАЦИЯ, РАСПРОСТРАНЕНИЕ И ДР.
Место издания, распространения и т.д. Ростов-на-Дону
Имя издателя, распространителя и т. д. Азово-Черноморск. краев. кн-во
Дата издания, распространения и т.д. 1935
Имя изготовителя тип. им. Коминтерна
215 ## - ФИЗИЧЕСКАЯ ХАРАКТЕРИСТИКА
Специфическое обозначение материала и объем Обл., 43 с.
Другие сведения о физической характеристике ил.
Размеры 22х16 см.
300 ## - ОБЩИЕ ПРИМЕЧАНИЯ
Текст примечания Перед загл.: проф. В. И. Пухов, Е. Е. Кривошита, П. А. Величкин и А. А. Лысенко
702 #1 - ИМЯ ЛИЦА - ВТОРИЧНАЯ ОТВЕТСТВЕННОСТЬ
Начальный элемент ввода Кривошта
Часть имени, кроме начального элемента ввода Е.Е.
Код отношения Прочие
702 #1 - ИМЯ ЛИЦА - ВТОРИЧНАЯ ОТВЕТСТВЕННОСТЬ
Начальный элемент ввода Величкин
Часть имени, кроме начального элемента ввода П.А.
Код отношения Прочие
702 #1 - ИМЯ ЛИЦА - ВТОРИЧНАЯ ОТВЕТСТВЕННОСТЬ
Начальный элемент ввода Пухов
Часть имени, кроме начального элемента ввода В.И.
Расширение инициалов личного имени Владимир Иванович
Код отношения Прочие
702 #1 - ИМЯ ЛИЦА - ВТОРИЧНАЯ ОТВЕТСТВЕННОСТЬ
Начальный элемент ввода Лысенко
Часть имени, кроме начального элемента ввода А.А.
Код отношения Прочие
801 #0 - ИСТОЧНИК ЗАПИСИ
Страна Российская Федерация
Организация NLR
Правила каталогизации psbo
801 #1 - ИСТОЧНИК ЗАПИСИ
Страна Российская Федерация
Организация ELAR
Источник данных rusmarc
852 ## - МЕСТОНАХОЖДЕНИЕ И ШИФР ХРАНЕНИЯ
Идентификатор организации NLR
Шифр хранения (Call Number) 35-11/722
942 ## - ДОПОЛНИТЕЛЬНЫЕ ЭЛЕМЕНТЫ ЗАПИСИ (АБИС)
Тип экземпляра АБИС Книга
980 ## - КОЛЛЕКЦИЯ
Название коллекции Национальная библиография
Экземпляры
Тип экземпляра Дата поступления Библиотека постоянного хранения Библиотека текущего хранения Место хранения Шифр хранения Штрих-код Статус экземпляра
Книга 26.10.2013 РНБ (Садовая) РНБ (Садовая) Русский книжный фонд -Главное здание, Ленинский читальный зал 35-11/722 6921601-10